| 000 | 00689cam a2200217 4500 | ||
|---|---|---|---|
| 008 | 090401t1990 xxu||||| |||| 00| 0 eng d | ||
| 020 | _a011321314X | ||
| 035 | _a(Sirsi) u58738 | ||
| 041 | _aeng | ||
| 050 | _a362.4 | ||
| 110 |
_aDepartment of Health _9662 |
||
| 245 | _aCaring for quality: guidance on standards for residential homes for people with a physical disability: a compilation of standards and guidance developed by the Social Services Inspectorate. | ||
| 260 |
_aLondon _bHMSO _c1990 |
||
| 300 | _av,38p. ; 30cm. | ||
| 350 | _a3.95 | ||
| 650 | _aHANDICAPPED PEOPLE | ||
| 650 | _aNURSING HOMES | ||
| 690 | _aECONOMIC AND SOCIAL | ||
| 942 | _n0 | ||
| 948 | _c04/03/1997 | ||
| 999 |
_c94094 _d94094 |
||